000 02782nam a22004817a 4500
001 161
003 FISKH
005 20241107154249.0
008 230301b cb ||||| |||| 00| 0 eng d
020 _a9780141346816
040 _aDLC
_beng
_cDLC
_dBKX
_dBAKER
_dBTCTA
_dWIQ
_dEHH
_dLF8
_dYDXCP
_dFISKH
042 _alcac
049 _aNOC0
050 0 0 _aPZ7.R4829
_bTit 2007
082 0 0 _a813.6
_222
099 9 _aJ
_aRiordan
100 1 _aRiordan, Rick.
_0https://id.loc.gov/authorities/names/no97039491.
245 1 4 _aThe Titan's curse /
_cRick Riordan.
250 _a1st ed.
260 _aNew York
_bMiramax Books
_bHyperion Books for Children
_c2007
300 _a312 p.
_c20 cm.
336 _atext
_btxt
_2rdacontent.
337 _aunmediated
_bn
_2rdamedia.
338 _avolume
_bnc
_2rdacarrier.
490 1 _aPercy Jackson & the Olympians ;
_vbk. 3.
500 _aLater printings labeled as Disney/Hyperion due to company restructuring.
505 _aM
520 _aWhen the goddess Artemis disappears while hunting a rare, ancient monster, a group of her followers joins Percy and his friends in an attempt to find and rescue her before the winter solstice, when her influence is needed to sway the Olympian Council regarding the war with the Titans.
521 8 _a630
_bLexile
521 8 _aM
_bRaz-Plus
600 0 0 _aArtemis
_c(Greek deity)
_0https://id.loc.gov/authorities/names/no2014110560
_vJuvenile fiction.
_0https://id.loc.gov/authorities/subjects/sh99001687.
650 0 _aMythology, Greek
_vJuvenile fiction.
_0https://id.loc.gov/authorities/subjects/sh2010103041.
650 0 _aAnimals, Mythical
_vJuvenile fiction.
_0https://id.loc.gov/authorities/subjects/sh2009114988.
650 0 _aMonsters
_vJuvenile fiction.
_0https://id.loc.gov/authorities/subjects/sh2008107936.
650 0 _aTitans (Mythology)
_0https://id.loc.gov/authorities/subjects/sh85135642
_vJuvenile fiction.
_0https://id.loc.gov/authorities/subjects/sh99001687.
650 1 _aMythology, Greek
_0https://id.loc.gov/authorities/childrensSubjects/sj2021050983
_vFiction.
_0https://id.loc.gov/authorities/childrensSubjects/sj2020050019.
650 1 _aMythical animals
_0https://id.loc.gov/authorities/childrensSubjects/sj2002004227
_vFiction.
_0https://id.loc.gov/authorities/childrensSubjects/sj2020050019.
650 1 _aMonsters
_0https://id.loc.gov/authorities/childrensSubjects/sj2021050219
_vFiction.
_0https://id.loc.gov/authorities/childrensSubjects/sj2020050019.
650 1 _aFantasy.
_0https://id.loc.gov/authorities/childrensSubjects/sj2001010209.
655 7 _aFantasy fiction.
_2lcgft
_0https://id.loc.gov/authorities/genreForms/gf2014026333.
800 1 _aRiordan, Rick.
_tPercy Jackson & the Olympians ;
_0https://id.loc.gov/authorities/names/n2005061889
_vbk. 3.
942 _2ddc
_cBK
_n0
999 _c161
_d161